000 00943nam a2200229Ia 4500
001 17101
003 GE_BSU
008 181216s||||||||xx |||||||||||||| ||und||
040 _cGE_BSU
080 _a821.353.1-1 + 821.353.1-6
100 _aასათიანი, ლ. (ლადო, 1917-1943)
245 _aყმაწვილკაცობის ფურცლები
245 _bლექსები, წერილები
245 _cშეადგინეს, წინათქმა და შენიშვნები დაურთეს ნ. დუმბაძემ და შ. ქურიძემ
260 _aბათუმი
260 _bსაბჭ. აჭარა
260 _c1977
300 _a94 გვ. : ილ. ; 17 სმ
653 _aლექსები, წერილები
653 _aყმაწვილკაცობის ფურცლები
942 _cBK
999 _c50163
_d50163